000 00784nam a22002537a 4500
001 BR7400244
003 BR-BrBNA
005 20230928084504.0
007 ta
008 230509b bl.||||| |||| 00| 0 por d
040 _aBR-BrBNA
_bpor
_cBiblioteca Nacional de Agricultura
041 _a(Eng, Spa, Por)
072 _aE70
_b9910
_b2120
090 _ 9910 BR7400244
100 1 _aAnon.
111 1 _a1. Conferencia Internacional sobre Producao e Consumo do Cafe
_cNova York (USA)
_d1902
245 1 _a1. Conferencia Internacional sobre Producao e Consumo do Cafe
260 3 _aSao Paulo, SP (Brasil):
_bEstabelecimento Graphico Irmaos Ferraz,
_c1931.
300 _a128 p.
650 _aComercializacao
650 _aCafe
909 _a202309
_bLucia
_c55
_dLucia Elande
942 _cBK
999 _c19304
_d19304